Síla přitažlivosti : 5 kroků k odhalení tajemství celoživotního bohatství a štěstí /

Hlavní autor: Vitale, Joe, 1953-
Jazyk: Čeština
Vydáno: Praha : Ottovo nakladatelství, 2010
Témata:
Externí odkaz: Digitalizovaný dokument
Fyzický popis: 304 s : barev. il. ; 19 cm
Knihy
Uloženo v:
LEADER 02339nam a2200637 a 4500
001 nkc20102128639
003 CZ PrNK
005 20110802083909.0
007 ta
008 201010s2010 xr a e f 001 0 cze
015 |a cnb002128639 
020 |a 978-80-7360-933-7  |q (váz.) 
035 |a (OCoLC)693931296 
040 |a ABA001  |b cze 
041 1 |a cze  |h eng 
072 7 |a 159.92  |x Vývojová psychologie. Individuální psychologie  |2 Konspekt  |9 17 
080 |a 17.024.4  |2 MRF 
080 |a 364.668  |2 MRF 
080 |a 13  |2 MRF 
080 |a 17.023.34  |2 MRF 
080 |a 316.628  |2 MRF 
080 |a 159.923.5  |2 MRF 
080 |a 612.821.7  |2 MRF 
080 |a 159.923.5  |2 MRF 
080 |a (0.062)  |2 MRF 
080 |a (079.1)  |2 MRF 
100 1 |a Vitale, Joe,  |d 1953-  |7 mzk2008469399  |4 aut 
245 1 0 |a Síla přitažlivosti :  |b 5 kroků k odhalení tajemství celoživotního bohatství a štěstí /  |c Joe Vitale ; [z anglického originálu ... přeložila Jana Pacnerová] 
260 |a Praha :  |b Ottovo nakladatelství,  |c 2010 
300 |a 304 s :  |b barev. il. ;  |c 19 cm 
504 |a Obsahuje bibliografii a rejstřík 
650 0 7 |a úspěch  |7 ph128351  |x duchovní aspekty  |2 czenas 
650 0 7 |a bohatství  |7 ph118947  |x duchovní aspekty  |2 czenas 
650 0 7 |a štěstí  |7 ph127882  |2 czenas 
650 0 7 |a seberealizace  |7 ph125451  |2 czenas 
650 0 7 |a pozitivní myšlení  |7 ph124475  |2 czenas 
650 0 7 |a podvědomí  |7 ph124173  |2 czenas 
650 0 7 |a sebevýchova  |7 ph125456  |2 czenas 
650 0 9 |a success  |x spiritual aspects  |2 eczenas 
650 0 9 |a wealth  |x spiritual aspects  |2 eczenas 
650 0 9 |a happiness  |2 eczenas 
650 0 9 |a self-realization  |2 eczenas 
650 0 9 |a positive thinking  |2 eczenas 
650 0 9 |a subconsciousness  |2 eczenas 
650 0 9 |a self-culture  |2 eczenas 
655 7 |a populárně-naučné publikace  |7 fd131864  |2 czenas 
655 7 |a testy  |7 fd133697  |2 czenas 
655 9 |a popular works  |2 eczenas 
655 9 |a tests  |2 eczenas 
765 0 |t Attractor factor  |9 Česky 
856 4 1 |u http://www.digitalniknihovna.cz/mzk/uuid/uuid:20f31d20-5a18-11ea-9076-005056827e52  |y Digitalizovaný dokument  |x NDK 
910 2 |a BOA001  |b 1-1262.834 
990 |a BK 
995 |a 01 
991 |b 201103  |c NOV  |e n 
996 6 |b 2610469054  |c 1-1262.834  |l MZK  |r Sklad / do 1 hodiny  |n 11  |p p.v.  |w 001170583  |u 000010  |a 1  |e BOA001  |j MZK50  |s P